| 000 | 00000nas 2200000za 4500 |
| 001 | 9.852767 |
| 003 | CaOODSP |
| 005 | 20221107154649 |
| 007 | cr ||||||||||| |
| 008 | 180302d19811995oncar p oss f0###a0eng|d |
| 022 | |y0319-891X|z0835-0051 |
| 040 | |aCaOODSP|beng |
| 041 | |aeng|afre |
| 043 | |an-cn--- |
| 086 | |aCS34-251-PDF |
| 086 | |aCS34-224-PDF |
| 086 | |aCS34-251B-PDF |
| 245 | 00|aTextile products industries |h[electronic resource] = |bIndustrie de produits textiles. |
| 246 | 11|aIndustrie de produits textiles|f1981-1984 |
| 246 | 13|aIndustries des produits textiles|f1985-1995 |
| 260 | |aOttawa : |bStatistics Canada = Statistique Canada, |c1983-1998. |
| 310 | |aAnnual |
| 362 | 0 |a1981-1995. |
| 490 | 0 |aAnnual census of manufactures = Recensement annuel des manufactures |
| 500 | |aDigitized edition from print [produced by Statistics Canada]. |
| 500 | |aThe bulletins issued 1985-1986 by Industry Division. |
| 500 | |aThe two-page bulletins (34-251B) are the same in content and format as Tables 1, 2 and 3 of the discontinued publications. The information content of Tables 4 and 5 of the old publications has been preserved and enhanced in Tables 2 to 5 of 34-251 which contain both industry and commodity data. |
| 515 | |aIssues for 1987, 1991 not published. |
| 546 | |aText in English and French. |
| 550 | |aIssued 1983-1986 by Census of Manufactures Section; 1988-1995 by Annual Survey of Manufactures Section. |
| 580 | |aMerger of: Canvas products and cotton and jute bags industries; Cordage and twine industry (Statistics Canada : Final); Miscellaneous textile industries (Final); and, Felt and fibre processing mills. |
| 692 | 07|2gccst|aTextile industry |
| 710 | 1 |aCanada. |bStatistics Canada. |bIndustry Division. |
| 710 | 1 |aCanada. |bStatistics Canada. |bCensus of Manufactures Section. |
| 710 | 1 |aCanada. |bStatistics Canada. |bAnnual Survey of Manufactures Section. |
| 780 | 00|tCanvas products and cotton and jute bags industries |w(CaOODSP)9.850986 |
| 780 | 00|tCordage and twine industry |w(CaOODSP)9.851529 |
| 780 | 00|tMiscellaneous textile industries |w(CaOODSP)9.852129 |
| 780 | 00|tFelt and fibre processing mills |w(CaOODSP)9.852659 |
| 792 | |tTextile products industries |efre|w(CaOODSP)9.852995 |